The Siberian seven / (Record no. 6071)

MARC details
000 -LEADER
fixed length control field 00520nam a22001937a 4500
003 - CONTROL NUMBER IDENTIFIER
control field GBCCL
005 - DATE AND TIME OF LATEST TRANSACTION
control field 20241126110555.0
008 - FIXED-LENGTH DATA ELEMENTS--GENERAL INFORMATION
fixed length control field 180430b ||||| |||| 00| 0 eng d
020 ## - INTERNATIONAL STANDARD BOOK NUMBER
International Standard Book Number 0340247991
040 ## - CATALOGING SOURCE
Transcribing agency gbc
082 ## - DEWEY DECIMAL CLASSIFICATION NUMBER
Classification number 272.092
Item number POL
100 ## - MAIN ENTRY--PERSONAL NAME
Personal name Pollock, John
9 (RLIN) 7576
245 ## - TITLE STATEMENT
Title The Siberian seven /
Statement of responsibility, etc. John Pollock
260 ## - PUBLICATION, DISTRIBUTION, ETC.
Place of publication, distribution, etc. London:
Name of publisher, distributor, etc. Hodder and Stoughton,
Date of publication, distribution, etc. 1979
300 ## - PHYSICAL DESCRIPTION
Extent 252 p.;
Dimensions 18 cm.
650 ## - SUBJECT ADDED ENTRY--TOPICAL TERM
Topical term or geographic name entry element Persecution
Geographic subdivision Soviet Union
9 (RLIN) 6583
650 ## - SUBJECT ADDED ENTRY--TOPICAL TERM
Topical term or geographic name entry element Penticostals
Geographic subdivision Biography
9 (RLIN) 10935
942 ## - ADDED ENTRY ELEMENTS (KOHA)
Source of classification or shelving scheme Dewey Decimal Classification
Koha item type Books
Holdings
Withdrawn status Lost status Source of classification or shelving scheme Damaged status Not for loan Home library Current Library Shelving location Date acquired Total checkouts Full call number Barcode Date last seen Copy number Price effective from Koha item type
    Dewey Decimal Classification     GRACE BIBLE COLLEGE GRACE BIBLE COLLEGE Church History 2018-04-30   272.092 POL 005075 2025-05-01 c.1 2018-04-30 Books
© Grace Bible College Library 2025